000 00765cam a2200265 4500
001 J1524
008 090401t1993 xxu||||| |||| 00| 0 eng d
035 _a(Sirsi) u43984
041 _aeng
050 _a691
100 _aAtkinson, C. J.
245 _aEcolabelling of building materials and building products.
260 _aGarston, Watford
_bBuilding Research Establishment
_c1993
300 _a(4)p. ; 30cm.
350 _a0
490 _aBRE Information Paper
_v11/93
650 _aBUILT ENVIRONMENT-BUILDING MATERIALS
650 _aEnvironment
_96238
650 _aEUROPEAN COMMUNITY
690 _aBUILT ENVIRONMENT-BUILDING MATERIALS
700 _aButlin, R.N.
710 _aBuilding Research Establishment
942 _n0
948 _c04/03/1997
999 _c91417
_d91417